ბათუმის შოთა რუსთაველის სახელმწიფო უნივერსიტეტის ბიბლიოთეკა

Материаловедение. (ბიბ.ჩანაწერი № 35562)

000 -LEADER
fixed length control field 00581nam a2200217Ia 4500
001 - CONTROL NUMBER
control field 1423
003 - CONTROL NUMBER IDENTIFIER
control field GE_BSU
008 - FIXED-LENGTH DATA ELEMENTS--GENERAL INFORMATION
fixed length control field 181216s||||||||xx |||||||||||||| ||und||
040 ## - CATALOGING SOURCE
Transcribing agency GE_BSU
080 ## - UNIVERSAL DECIMAL CLASSIFICATION NUMBER
Universal Decimal Classification number 620(075.8)
245 ## - TITLE STATEMENT
Title Материаловедение.
245 ## - TITLE STATEMENT
Statement of responsibility, etc. Под общ. ред. Б.Н.Арзамасова
250 ## - EDITION STATEMENT
Edition statement Изд. 2-е, испр. и доп.
260 ## - PUBLICATION, DISTRIBUTION, ETC.
Place of publication, distribution, etc. Москва
260 ## - PUBLICATION, DISTRIBUTION, ETC.
Name of publisher, distributor, etc. Машиностроение
260 ## - PUBLICATION, DISTRIBUTION, ETC.
Date of publication, distribution, etc. 1986
300 ## - PHYSICAL DESCRIPTION
Extent 384 с. 22 см.
653 ## - INDEX TERM--UNCONTROLLED
Uncontrolled term Материаловедение.
942 ## - ADDED ENTRY ELEMENTS (KOHA)
Koha item type წიგნი
ეგზემპლარები
Withdrawn status Lost status Damaged status Not for loan Date acquired Barcode Date last seen Price effective from Koha item type
        2018-12-17 2887 2018-12-17 2018-12-17 წიგნი